Missing Word: 'W' #1s Quiz Stats

 Plays Quiz Updated Oct 15, 2014

Challenge
Share
Tweet
Embed
Score 0/20 Timer 03:00
1 Play Today
Single Title 'W' Words % Correct
Black or _____White
98.3%
These Boots Are Made for _____Walkin'
96.9%
50 _____ to Leave Your LoverWays
96%
Another Brick in the _____, Part IIWall
95.1%
Oh, Pretty _____Woman
94.8%
Wind Beneath My _____Wings
93.3%
The Way We _____Were
93%
_____ Doves CryWhen
92.1%
Wishing _____Well
89.7%
Knock on _____Wood
87.2%
Single Title 'W' Words % Correct
Only Girl (In the _____)World
85.3%
_____ End GirlsWest
83.2%
_____ BallWrecking
81.2%
Red Red _____Wine
80%
Paperback _____Writer
72.5%
Careless _____Whisper
65.9%
Car _____Wash
65.3%
_____ Bell BluesWedding
57.7%
Right Here _____Waiting
45.3%
One _____Week
45.1%

Today's Daily Dose

Missing Word
Hayao Miyazaki

Word Ladder
Florida

On This Day
December 13th II

You're not logged in!

Compare scores with friends on all Sporcle quizzes.
OR
Log In

You Might Also Like...

Show Comments

Extras

Top Quizzes Today


Score Distribution

Your Account Isn't Verified!

In order to create a playlist on Sporcle, you need to verify the email address you used during registration. Go to your Sporcle Settings to finish the process.

Report this User

Report this user for behavior that violates our Community Guidelines.

Details: